| 000 | 00506nam a22001697a 4500 | ||
|---|---|---|---|
| 005 | 20251108164224.0 | ||
| 008 | 250721s1974 xx 000 0 ara d | ||
| 082 | 1 | 4 | _a617.8/محم |
| 100 | 1 | _aرفعت، محمد | |
| 245 | 1 | 0 | _aأمراض الأذن و الأنف و العلاج الطبيعي / |
| 264 | 1 |
_aبيروت : _bدار المعرفة، _c1974. |
|
| 300 | _a203ص : مص | ||
| 490 | 0 | _aمكتبة البيت الطبية ؛ 18 | |
| 650 | 1 | 7 | _aالأذن |
| 942 |
_2ddc _cBK |
||
| 999 |
_c6735 _d6735 |
||